Bác Hồ trong trái tim phụ nữ Việt Nam : (Ký)
Sách nói về Bác Hồ, một trong những nhà lãnh đạo vĩ đại nhất, thông qua những câu chuyện đầy cảm xúc của những chị em phụ nữ khi được gặp Bác, tiếp xúc, trò chuyện với Bác.
محفوظ في:
| التنسيق: | كتاب |
|---|---|
| اللغة: | Undetermined |
| منشور في: |
Hà Nội
Phụ nữ
2008
|
| الموضوعات: | |
| الوسوم: |
إضافة وسم
لا توجد وسوم, كن أول من يضع وسما على هذه التسجيلة!
|
| Thư viện lưu trữ: | Trung tâm Học liệu Trường Đại học Cần Thơ |
|---|
| LEADER | 00930nam a2200229Ia 4500 | ||
|---|---|---|---|
| 001 | CTU_135376 | ||
| 008 | 210402s9999 xx 000 0 und d | ||
| 020 | |c 32000 | ||
| 082 | |a 324.2075092 | ||
| 082 | |b B101 | ||
| 245 | 0 | |a Bác Hồ trong trái tim phụ nữ Việt Nam : | |
| 245 | 0 | |b (Ký) | |
| 245 | 0 | |c Nhiều tác giả | |
| 260 | |a Hà Nội | ||
| 260 | |b Phụ nữ | ||
| 260 | |c 2008 | ||
| 520 | |a Sách nói về Bác Hồ, một trong những nhà lãnh đạo vĩ đại nhất, thông qua những câu chuyện đầy cảm xúc của những chị em phụ nữ khi được gặp Bác, tiếp xúc, trò chuyện với Bác. | ||
| 650 | |a Hồ Chí Minh,Communist parties,Vietnam | ||
| 650 | |x Tiểu sử,Biography,History, 1918-1945 | ||
| 650 | |z Vietnam | ||
| 904 | |i Giang | ||
| 980 | |a Trung tâm Học liệu Trường Đại học Cần Thơ | ||